Loading...
| Mythology | 0 | 9 | 2 | 1 | 80 | 55 | 70.67 | 1 | 3 | 0.00 | 0.00 |
| Religion | 0 | 7 | 0 | 1 | 70 | 12 | 55.29 | 1 | 4 | 0.00 | 0.00 |
| Science - Other | 0 | 5 | 0 | 0 | 50 | 24 | 52.80 | 1 | 5 | 0.00 | 0.00 |
| Science - Physics | 0 | 5 | 2 | 0 | 40 | 43 | 55.80 | 0 | 2 | 0.00 | 0.00 |
| Social Science | 0 | 3 | 0 | 1 | 30 | 60 | 80.00 | 0 | 1 | 0.00 | 0.00 |
| Literature - World | 0 | 2 | 0 | 0 | 20 | 61 | 72.50 | 0 | 2 | 0.00 | 0.00 |
| Literature - British | 0 | 2 | 0 | 0 | 20 | 14 | 25.00 | 2 | 2 | 0.00 | 0.00 |
| Literature - European | 0 | 1 | 0 | 0 | 10 | 66 | 66.00 | 0 | 0 | 0.00 | 0.00 |
| Fine Arts - Classical Music | 0 | 1 | 0 | 0 | 10 | 82 | 82.00 | 0 | 0 | 0.00 | 0.00 |
| Fine Arts - Other | 0 | 1 | 0 | 1 | 10 | 114 | 114.00 | 0 | 0 | 0.00 | 0.00 |
| Popular Culture | 0 | 1 | 0 | 0 | 10 | 71 | 71.00 | 0 | 0 | 0.00 | 0.00 |
| Current Events | 0 | 1 | 1 | 0 | 5 | 54 | 54.00 | 0 | 1 | 0.00 | 0.00 |
| History - Other | 0 | 1 | 1 | 1 | 5 | 115 | 115.00 | 0 | 0 | 0.00 | 0.00 |
| Literature - American | 0 | 1 | 2 | 0 | 0 | 62 | 62.00 | 0 | 0 | 0.00 | 0.00 |
| History - World | 0 | 0 | 1 | 0 | -5 | 0.00 | 0 | 0 | 0.00 | 0.00 |